000 01687nam a2200397 i 4500
003 DO-SdBNP
005 20250724075847.0
007 ta
008 090929s1981 dr a 000 0 spa d
020 _a9993430463
040 _aDO-SdBNP
_bspa
_cBNPHU
_erda
041 _aspa
082 4 _a598.297293
_bD638g, 2002
_222
100 1 _aStockton de Dod, Annabelle.
_d1913-1997.
_eautor
_4aut.
_923948
245 1 0 _aGuía de campo para las aves de la República Dominicana /
_cAnnabelle Stockton de Dod ; prólogo de la segunda edición, Fernando Luna Calderón ; ilustraciones, Angus Nater, Laura Rathe de Cambiaso, José Osorio, Bárbara Roques, Luis Marión H. y otro
250 _aSegunda edición
264 1 _aSanto Domingo :
_bPublicaciones del Banco Central,
_bMuseo Nacional de Historia Natural,
_c2002.
300 _a252 páginas :
_bilustraciones ;
_c23 cm.
336 _atexto
_btxt
_2rdacontent
337 _asin mediación
_bn
_2rdamedia
338 _avolumen
_bnc
_2rdacarrier
500 _aIncluye índice.
590 _aInventariado, 2025/ YL
650 4 _aAves
_zRepública Dominicana
_923949
650 4 _aAves
_xIdentificación
_923950
650 4 _aAves
_xClasificación
_923951
700 1 _aLuna Calderón, Fernando ,
_eprologuista de la segunda edición
_4pr.
_923952
700 1 _aNater, Angus,
_eilustrador
_4il.
_923952
700 1 _aRathe de Cambiaso, Laura,
_eilustrador
_4il.
_987057
700 1 _aOsorio, José,
_eilustrador
_4il.
_923978
700 1 _aRoques, Bárbara,
_eilustrador
_4il.
_988341
700 1 _aMarión H., Luis,
_eilustrador
_4il.
_988342
700 1 _aSánchez, Héctor,
_eilustrador
_4il.
_922701
910 _aYLockward
942 _2ddc
_cLBS1
999 _c59519
_d59519